Industry and Industrial Policy – the Phoenix of Economies
Diskusia o klesajúcom význame priemyselnej politiky a priemyslu ako dominantného sektora ekonomík. Proces deindustrializácie. Výskum zmeny výrobnej štruktúry a produkcie vytvorenej konečnou požiadavkou v štyroch stredoeurópskych krajinách v súbore údajov od roku 2000 do roku 2014. Česko, Maďarsko, S...
Saved in:
| Main Author: | |
|---|---|
| Format: | Book Chapter |
| Language: | English |
| Subjects: | |
| Tags: |
No Tags, Be the first to tag this record!
|
MARC
| LEADER | 00000nla a2200000 4500 | ||
|---|---|---|---|
| 001 | 0239487 | ||
| 005 | 20240502073859.9 | ||
| 041 | 0 | |a eng | |
| 044 | |a SK | ||
| 245 | 1 | 0 | |a Industry and Industrial Policy – the Phoenix of Economies |
| 520 | |a Diskusia o klesajúcom význame priemyselnej politiky a priemyslu ako dominantného sektora ekonomík. Proces deindustrializácie. Výskum zmeny výrobnej štruktúry a produkcie vytvorenej konečnou požiadavkou v štyroch stredoeurópskych krajinách v súbore údajov od roku 2000 do roku 2014. Česko, Maďarsko, Slovensko, Poľsko. | ||
| 610 | 2 | 0 | |a Slovensko |
| 610 | 2 | 0 | |a Česko |
| 610 | 2 | 0 | |a Poľsko |
| 610 | 2 | 0 | |a Maďarsko |
| 610 | 2 | 0 | |a priemysel |
| 610 | 2 | 0 | |a politika priemyselná |
| 610 | 2 | 0 | |a industrializácia |
| 610 | 2 | 0 | |a pokles podniku |
| 610 | 2 | 0 | |a sektory hospodárske |
| 100 | 1 | |a Kališ, Richard, 1991- | |